Statistics for Countries in the Second Congo War

Click here to take the quiz!

General Stats

  • This quiz has been taken 101 times
  • The average score is 7 of 8

Answer Stats

Answer % Correct
Rwanda
96%
Angola
92%
Uganda
90%
Burundi
88%
Democratic Republic of the Congo
78%
Zimbabwe
73%
Namibia
73%
Sudan
64%

Score Distribution

Percentile by Number Answered

Percent of People with Each Score

Your Score History

You have not taken this quiz